|
|
|
|
| LEADER |
00903nam a2200229 a 4500 |
| 001 |
13312433 |
| 008 |
091027s2002 bg bs 000 0 eng d |
| 010 |
|
|
|a 2003307931
|
| 040 |
|
|
|a DLC
|c DLC
|d DLC
|
| 082 |
|
|
|a 362.595492
|2 21
|
| 245 |
0 |
0 |
|a Bangladesh, improving governance for reducing poverty.
|
| 260 |
|
|
|a Dhaka :
|b The World Bank,
|c 2002.
|
| 300 |
|
|
|a 68 p. ;
|c 29 cm.
|
| 504 |
|
|
|a Includes bibliographical references (p. [67]-68).
|
| 500 |
|
|
|a Includes statistical tables.
|
| 541 |
1 |
|
|e 00014077
|
| 650 |
|
0 |
|a Poverty
|x Government policy
|z Bangladesh.
|
| 651 |
|
0 |
|a Bangladesh
|x Economic policy.
|
| 710 |
2 |
|
|a World Bank.
|
| 852 |
4 |
|
|a Ayesha Abed Library
|j General Shelf
|
| 999 |
|
|
|c 5381
|d 5381
|
| 952 |
|
|
|0 0
|1 0
|2 ddc
|4 0
|6 362_595492000000000_BAN
|7 0
|9 5242
|a BRACUL
|b BRACUL
|c GEN
|d 2009-11-10
|g 0.00
|l 1
|o 362.595492 BAN
|p 3010014077
|r 2013-06-27
|s 2013-06-20
|t 1
|w 2009-11-10
|y BK
|x No price found in the accession register.
|